01018cam a22002774a 4500952017100000999001700171001000900188003000400197005001700201008004100218010001700259020002200276040001800298042000800316050002700324082002200351100003100373245005200404260004700456300003300503504006800536650001800604650003100622906004500653942004200698 00102ddc40708PSYCHOLOGYaMESbMEScPSYCHOLOGYd2022-09-26e53g380.00l8m17o333.92 KRI/Tp41549r2024-12-02 09:16:57s2024-10-16v380.00w2022-09-26yBKzGL45R3 c41511d4151113284147OSt20220919110236.0030722s2003 nhua b 001 0 eng  a 2003055631 a1578083257 (pbk.) aDLCcDLCdDLC apcc00aQH541.15.B56bK75 200300a333.92222bKRI/T1 aKrishnamurthy, K. V.9908710aTextbook of biodiversity /cK.V. Krishnamurthy. aEnfield, NH :bScience Publishers,cc2003. axv, 260 p. :bill. ;c25 cm. aIncludes bibliographical references (p. [195]-222) and indexes. 0aBiodiversity. 0aBiodiversity conservation. a7bcbccorignewd1eocipf20gy-gencatlg 2ddccBKh333.92iKRI/Tk333.92mKRI/T